|
|
|
|
| LEADER |
01249nnm a2200337 i 4500 |
| 001 |
eta162 |
| 005 |
20190110104225.0 |
| 008 |
180515s2006 hu o 0|| hun d |
| 020 |
|
|
|a 963-9704-08-3
|
| 040 |
|
|
|a SZTE Elektronikus Tananyag Archívum
|b hun
|
| 041 |
|
|
|a hun
|
| 100 |
1 |
|
|a Bencsik Péter
|
| 245 |
1 |
2 |
|a A magyar állam története 1711-2006
|h [elektronikus dokumentum] /
|c Bencsik Péter
|
| 260 |
|
|
|a Bölcsész Konzorcium
|c 2006
|
| 300 |
|
|
|a 409
|
| 516 |
|
|
|a Book
|
| 650 |
|
4 |
|a Bölcsészettudományok
|
| 650 |
|
4 |
|a Történettudomány és régészet
|
| 650 |
|
4 |
|a Történettudomány
|
| 650 |
|
4 |
|a Újkori és jelenkori történelem
|
| 700 |
0 |
1 |
|a Szabó Pál Csaba
|
| 700 |
0 |
1 |
|a Deák Ágnes
|e aut
|
| 700 |
0 |
1 |
|a Farkas Csaba
|e aut
|
| 700 |
0 |
1 |
|a Giczi Zsolt
|e aut
|
| 700 |
0 |
1 |
|a Löffler Tibor
|e aut
|
| 700 |
0 |
1 |
|a Marjanucz László
|e aut
|
| 700 |
0 |
1 |
|a Miklós Péter
|e aut
|
| 700 |
0 |
1 |
|a Pelyach István
|e aut
|
| 700 |
0 |
1 |
|a Szabó Pál Csaba
|e aut
|
| 856 |
4 |
0 |
|u https://eta.bibl.u-szeged.hu/162/1/szabo_pal_csaba_marjanucz_laszlo_a_magyar_allam_tortenete_1711-2006.pdf
|z Dokumentum-elérés
|
| 856 |
4 |
0 |
|u https://eta.bibl.u-szeged.hu/162/9/szabo_pal_csaba_marjanucz_laszlo_a_magyar_allam_tortenete_1711-2006/index.htm
|z Dokumentum-elérés
|